| 000 | 00316nam a2200109 4500 | ||
|---|---|---|---|
| 999 |
_c13658 _d13658 |
||
| 008 | 190401b ||||| |||| 00| 0 eng d | ||
| 245 | _aBill on new choices for power gains support. | ||
| 260 |
_aPhilippines: _bManila Bulletin; _cc2018. |
||
| 300 | _apage B-2. | ||
| 650 | 0 |
_938022 _aEnergy resources. |
|
| 942 |
_2ddc _cPER |
||